000 00262nam a22001097a 4500
008 160520b xxu||||| |||| 00| 0 eng d
020 _a0070390649
041 _aeng
080 _a316.77
245 _aThe art of public speaking:
_cTephen E. Lucas;
942 _2udc
_cBK
999 _c2306
_d2306